000 00628nam a2200217Ia 4500
003 OSt
005 20220918192502.0
006 a|||||r|||| 00| 0
007 ta
008 220917b |||||||| |||| 00| 0 eng d
024 _a68,644
037 _cTextual
040 _aARTS
_cARTS
_beng
041 _2eng
_aeng
082 _aR3, J8
100 _aHook Sidney ed
245 0 _aDeterminism and freedom in the age of modern science
_b proceedings of the first annual New York University Institute of Philosophy
260 _aNew York
_c1957
942 _hR3, J8
_cTEXL
_2CC
999 _c194815
_d194815